000 00846nam a2200313Ia 4500
001 224
005 20240113233405.0
007 ta
008 050106s1994 a g b000 u asm u
040 _astack
041 _aasm
082 _a891.494 B
_bBa 29 Bo
100 _aBasumatary, Birendra Giri .
245 0 _aBoro harimuni mahar mushree /
_cBirendra Giri Basumatary.
_hTextual Documents
250 _a2nd ed /
260 _aKokrajhar(Assam) :
_bBodo publication Board ,
_c1994.
300 _a154p. :
_bill ;
_c22cm. .
500 _aThis book is written in Bodo language Issued to the Dept(Boro) Acc NO 90015
653 _aBodo Culture
942 _2ddc
_cBK
999 _c224
_d224